书目信息 |
| 书名: | Debating american government | |
| 作者: | Peter woll. | |
| 分册号: | ||
| 分册名: | 出版地: | Boston : |
|
| 出版社: | Little, Brown and company | |
| 出版时间: | 1986. | |
| 页数: | 279 p. ; | |
| 开本: | 20cm. | |
| 丛书名: | ||
| 中图分类号: | ||
| 科图分类号: | ||
| 其他分类号: | D771.23 | |
| 主题词: | ||
| 电子资源: | ||
| 000 | 00395nam 2200145 a 4500 | |
| 001 | E0155384599 | |
| 005 | 2001122815230423 | |
| 008 | 011228s1986 00010 eng | |
| 020 | @a0-316-95180-3. | |
| 040 | @aPFT@beng | |
| 090 | @aD771.23 | |
| 099 | @dD771.23@eW862 | |
| 245 | @aDebating american government / @cPeter woll. | |
| 260 | @aBoston :@bLittle, Brown and company,@c1986. | |
| 300 | @a279 p. ;@c20cm. | |
| Debating american government / / Peter woll.-Boston : : Little, Brown and company, , 1986. |
| 279 p. ; ; 20cm. |
| ISBN 0-316-95180-3. |
| ● |
| 相关链接 |
|
|
|
正题名:Debating american government
索取号:D771.23/W862
 
预约/预借
| 序号 | 登录号 | 条形码 | 馆藏地/架位号 | 状态 | 备注 |
| 1 | 01128 | 300011289 | 社科库509/509社科库 53排2列4层/ [索取号:D771.23/W862] | 在馆 |